000 00758nam a22002537a 4500
001 BR8701067
003 BR-BrBNA
005 20230928092406.0
007 ta
008 230509b bl.||||| |||| 00| 0 por d
040 _aBR-BrBNA
_bpor
_cBiblioteca Nacional de Agricultura
041 _a(Por)
072 _aN20
_b1850
090 _ 1850 BR8701067
100 1 _aCastro, S. de
245 1 _aMaquina classificadora de tomates e outros
_bApresentado no 1. Concurso de Equipamentos Agricolas Apropriados ao Pequeno Produtor Rural
260 3 _aLagoa da Prata, MG (Brasil):
_c1983.
300 _a4 p.
650 _aTECNOLOGIA APROPRIADA
650 _aTOMATE
650 _aCLASSIFICACAO DE PRODUTO
909 _a202309
_bLucia
_c55
_dLucia Elande
942 _cBK
999 _c38771
_d38771